Obyvateľstvo Slovenskej republiky v kontexte Európskeho roku aktívneho starnutia

Gespeichert in:
Bibliographische Detailangaben
Weitere Verfasser: Juhaščíková, Ivana, Štulajterová, Zuzana
Format: Buch
Sprache:Slowakisch
Veröffentlicht: Bratislava Štatistický úrad Slovenskej republiky 2012
Schriftenreihe:Demografia a sociálna štatistika
Schlagworte:
Tags: Tag hinzufügen
Keine Tags, Fügen Sie das erste Tag hinzu!

MARC

LEADER 00000nam a2200000 4500
001 0169114
005 20251208090526.9
041 0 |a slo 
044 |a SK 
245 1 0 |a Obyvateľstvo Slovenskej republiky v kontexte Európskeho roku aktívneho starnutia  |c zostavovateľky: Ivana Juhaščíková, Zuzana Štulajterová 
264 1 |a Bratislava  |b Štatistický úrad Slovenskej republiky  |c 2012 
300 |a 91 s. 
490 1 |a Demografia a sociálna štatistika 
830 0 |a Demografia a sociálna štatistika 
610 2 0 |a Slovensko 
610 2 0 |a obyvateľstvo 
610 2 0 |a obyvateľstvo aktívne 
610 2 0 |a demografia 
610 2 0 |a starnutie populácie 
610 2 0 |a zdravie 
610 2 0 |a úroveň životná 
610 2 0 |a aktivita hospodárska 
610 2 0 |a ochrana sociálna 
700 1 |a Juhaščíková, Ivana 
700 1 |a Štulajterová, Zuzana